Statistics for The 20 Least Gender Equal Rights Countries

Click here to take the quiz!

General Stats

  • This quiz has been taken 84 times
  • The average score is 13 of 20

Answer Stats

ScoreCountry% Correct
0.583Saudi Arabia
100%
0.516Yemen
92%
0.587Iran
92%
0.556Pakistan
89%
0.614Egypt
88%
0.612Oman
88%
0.567Syria
76%
0.624Kuwait
75%
0.597Morocco
74%
0.615Bahrain
72%
0.603Jordan
70%
0.623Turkey
68%
0.587Chad
68%
0.598Lebanon
61%
0.636Tunisia
59%
0.591Mali
58%
0.624Mauritania
58%
0.636Benin
18%
0.597Côte d'Ivoire
14%
0.637Timor-Leste
7%

Score Distribution

Percentile by Number Answered

Percent of People with Each Score

Your Score History

You have not taken this quiz